Guess the Artist from the Song Title - Statistics

General Stats
  • This quiz has been taken 99 times
    15 since last reset
  • The average score is 13 of 25
Answer Stats
Hint Answer % Correct
Gasoline / Can't Feel My Face The Weeknd
93%
Whatever / Wonderwall Oasis
86%
Get Lucky / One More Time Daft punk
79%
Creep / High And Dry Radiohead
79%
Let It Be / Help! Beetles
64%
Always / You Give Love a Bad Name Bon Jovi
64%
Space Oddity / Starman David Bowie
64%
Good riddance / American idiot Green day
64%
Song 2 / Beetlebum Blur
57%
I Write Sins Not Tragedies / High Hopes Panic! At The Disco
57%
Radio Ga Ga / Teo Toriatte Queen
57%
Dream On / Crazy Aerosmith
50%
Perfect / Sing Ed Sheeran
50%
Voodoo child / Crosstown Traffic Jimi hendrix
43%
Hold On / Yummy Justin Bieber
43%
The lemon song / Stairway to heaven Led zeppelin
43%
Isn't She Lovely / Ribbon In The Sky Stevie Wonder
43%
Virtual Insanity / Cosmic Girl Jamiroquai
36%
Misery / Don't Wanna Know Maroon 5
36%
Welcome to the Black Parade / Teenagers My chemical romance
36%
Loser / Where It's At Beck
29%
Natalie / Gorilla Bruno Mars
29%
glimpse of us / sanctuary Joji
21%
7 / KISS Prince
21%
In The Closet / Speed Demon Michael Jackson
14%
No matching quizzes found
Score Distribution
Percent of People with Each Score
Percentile by Number Answered
Your Score History
You have not taken this quiz since the last reset